| Tag |
First Indicator |
Second Indicator |
Subfields |
| LEADER |
00000cam a2200000Ma 4500 |
| 001 |
in00003545669 |
| 006 |
m o d |
| 007 |
cr nn||||||||| |
| 008 |
121227s1998 ne o 000 0 eng d |
| 005 |
20260421171030.0 |
| 020 |
|
|
|a 9789401151160 (electronic bk.)
|
| 020 |
|
|
|a 9401151164 (electronic bk.)
|
| 035 |
|
|
|a (OCoLC)840311113
|
| 040 |
|
|
|a I9W
|b eng
|e pn
|c I9W
|d OCLCO
|d OCLCQ
|d GW5XE
|d OCLCF
|d OCLCO
|d UtOrBLW
|
| 049 |
|
|
|a TXAM
|
| 050 |
|
4 |
|a QB980
|
| 082 |
0 |
4 |
|a 523.1
|2 21
|
| 100 |
1 |
|
|a Prantzos, Nikos.
|
| 245 |
1 |
0 |
|a Primordial Nuclei and Their Galactic Evolution :
|b Proceedings of an ISSI Workshop 6-10 May 1997, Bern, Switzerland /
|c edited by Nikos Prantzos, Monica Tosi, Rudolf Steiger.
|
| 246 |
3 |
|
|a Proceedings of an ISSI Workshop, 6-10 May 1997, Bern, Switzerland
|
| 264 |
|
1 |
|a Dordrecht :
|b Springer Netherlands :
|b Imprint :
|b Springer,
|c 1998.
|
| 300 |
|
|
|a 1 online resource (336 pages)
|
| 336 |
|
|
|a text
|b txt
|2 rdacontent
|
| 337 |
|
|
|a computer
|b c
|2 rdamedia
|
| 338 |
|
|
|a online resource
|b cr
|2 rdacarrier
|
| 490 |
1 |
|
|a Space Sciences Series of ISSI, 1385-7525 ;
|v 4
|
| 520 |
|
|
|a This volume gives a comprehensive overview of current knowledge about the light nuclei created in the Hot Early Universe: H, D, <sup>3</sup>He, <sup>4</sup>He, and <sup>7</sup>Li. It combines observational and theoretical results on the early Universe, the distant galaxies, our Milky Way, the local interstellar cloud, and the solar nebula. The implications for cosmology, galactic and stellar evolution, dark matter research etc. are outlined and directions of future research are indicated.
|
| 500 |
|
|
|a Electronic resource.
|
| 600 |
1 |
0 |
|a Schramm, David N.
|
| 600 |
1 |
7 |
|a Schramm, David N.
|2 fast
|0 (OCoLC)fst00068804
|
| 650 |
|
0 |
|a Cosmology
|v Congresses.
|
| 650 |
|
0 |
|a Nucleosynthesis
|v Congresses.
|
| 650 |
|
0 |
|a Galaxies
|x Evolution
|v Congresses.
|
| 650 |
|
0 |
|a Nuclear astrophysics
|v Congresses.
|
| 650 |
|
7 |
|a Cosmology.
|2 fast
|0 (OCoLC)fst00880600
|
| 650 |
|
7 |
|a Galaxies
|x Evolution.
|2 fast
|0 (OCoLC)fst00937128
|
| 650 |
|
7 |
|a Nuclear astrophysics.
|2 fast
|0 (OCoLC)fst01039896
|
| 650 |
|
7 |
|a Nucleosynthesis.
|2 fast
|0 (OCoLC)fst01041105
|
| 655 |
|
7 |
|a Electronic books.
|2 local
|
| 655 |
|
7 |
|a Conference proceedings.
|2 fast
|0 (OCoLC)fst01423772
|
| 700 |
1 |
|
|a Tosi, Monica.
|
| 700 |
1 |
|
|a Steiger, Rudolf.
|
| 710 |
2 |
|
|a SpringerLink (Online service)
|
| 830 |
|
0 |
|a Space sciences series of ISSI ;
|v 4.
|
| 856 |
4 |
0 |
|u http://proxy.library.tamu.edu/login?url=https://link.springer.com/10.1007/978-94-011-5116-0
|z Connect to the full text of this electronic book
|t 0
|
| 994 |
|
|
|a 92
|b TXA
|
| 999 |
|
|
|a MARS
|
| 999 |
f |
f |
|s 4ad88d0f-412f-3419-b97b-7ee89d68508f
|i 82edfc50-da80-35d7-885e-ada5f779d5a7
|t 0
|
| 952 |
f |
f |
|a Texas A&M University
|b College Station
|c Electronic Resources
|s www_evans
|d Available Online
|t 0
|e QB980
|h Library of Congress classification
|
| 998 |
f |
f |
|a QB980
|t 0
|l Available Online
|